000
00304nam a22001337a 4500
008
170405b xxu||||| |||| 00| 0 eng d
020
_a
0781701252
041
_a
eng
080
_2
3RD
_a
574
100
_a
9
101
_a
SHM
245
_a
PRINCIPLES OF CLINICAL TOXICOLOGY
_c
GOSSEL, TH.A
942
_2
udc
_c
BK
999
_c
9697
_d
9697